000 00592nam a2200181Ia 4500
008 090123s9999 xx 000 0 und d
082 _b23597
_a891.463/राजे
100 _aराजे नयना
245 _aजाहल्या काही चुका
250 _a1
260 _bमुक्ता प्रकाशन
_c1993
300 _a196
600 _aराजे नयना
630 _aजाहल्या काही चुका
700 _aराजे नयना
730 _aजाहल्या काही चुका
942 _cBOOK
999 _c61668
_d61668